Les clubs victimes de Karim Benzema en Ligue des Champions. - Statistiques

Statistiques générales
  • Ce quiz a été pris 1 017 fois
    88 depuis la dernière actualisation
  • Le résultat moyen est 22 sur 34
Statistiques - réponses
Pays Club % Correct
Allemagne Bayern Munich 4
99%
Allemagne Borussia Dortmund 3
96%
France Paris Saint-Germain 5
96%
Angleterre Manchester City 6
94%
Italie Inter Milan 1
93%
Angleterre Liverpool 6
93%
Italie AC Milan 1
92%
Angleterre Chelsea 6
92%
Pays-Bas Ajax Amsterdam 4
90%
Angleterre Manchester United 1
86%
Portugal Sporting Portugal 1
85%
Turquie Galatasaray 5
83%
France Olympique Lyonnais 3
83%
Ukraine Dynamo Kiev 1
75%
Italie Naples 1
74%
Croatie Dinamo Zagreb 2
71%
Ecosse Rangers Glasgow 2
68%
Allemagne Schalke 04 3
64%
Chypre APOEL Nicosie 3
63%
Suède Malmö 3
61%
Suisse FC Bâle 1
60%
Italie Atalanta Bergame 1
58%
Ukraine Chakhtar Donetsk 4
58%
Roumanie FCSB 3
56%
Pologne Legia Varsovie 1
49%
France AJ Auxerre 3
46%
Russie CSKA Moscou 1
38%
Allemagne VfB Stuttgart 1
32%
Italie Fiorentina 2
31%
Moldavie Sheriff Tiraspol 2
28%
Allemagne Borussia Monchengladbach 3
25%
Bulgarie Ludogorets Razgrad 1
24%
Tchéquie Victoria Plzen 3
18%
Norvège Rosenborg 1
14%
Aucun quiz correspondant
Distribution des résultats
% des personnes avec chaque résultat
Percentile par nombre de réponses
Votre historique - résultats
Vous n’avez pas pris ce quiz depuis la dernière actualisation